000 00829cab a22001935a 4500
001 L154885
008 120130e20120123xxk 000 0 eng d
035 _a(Sirsi) u154885
041 0 _aeng
110 2 _aEuroProperty
_91216
245 0 0 _aLight at the start of the tunnel
260 _c2012
490 0 _aEuroProperty
_v23 January 2012, 9(1)
520 _aCB Richard Ellis research has estimated that Euros 115bn has been invested in European property in 2011, a 4% increase on 2010's Euros 110bn. This is in line with Jones Lang LaSalle's forthcoming "Global Capital Flows" report which sees worldwide direct property investment increasing in 2011 by 25% to US $400bn (Euros 313bn). Provides industry views on the 2012 outlook.
590 _aKA
651 4 _aEurope
690 _aCommercial property
_96227
942 _n0
999 _c83737
_d83737